Statistiche per Stati dell'India

Clicka qui per fare il quiz!

Statistiche generali

  • Questo quiz è stato fatto 609 volte
  • Il punteggio medio è 15 su 36

Risposte nella Mappa

Le risposte nella mappa del quiz sottostante sono codificate secondo una scala di colori dal rosso al verde in base alla % di persone che hanno risposto correttamente.
 

Statistiche sulle risposte

State% Corretto
Delhi
78%
Punjab
60%
Goa
58%
Kerala
55%
Uttar Pradesh
55%
Rajasthan
50%
Gujarat
48%
Assam
47%
Tamil Nadu
46%
Andhra Pradesh
44%
Bengala Occidentale
44%
Andaman e
Nicobar Isole
41%
Sikkim
41%
Madhya Pradesh
40%
Bihar
39%
Maharashtra
39%
Karnataka
38%
Orissa
38%
Arunachal Pradesh
36%
Haryana
36%
Jammu e Kashmir
36%
Chhattisgarh
35%
Himachal Pradesh
35%
Ladakh
35%
Telangana
35%
Jharkhand
34%
Manipur
33%
Nagaland
33%
Puducherry
33%
Tripura
32%
Uttarakhand
32%
Mizoram
31%
Meghalaya
30%
Lakshadweep
29%
Chandigarh
27%
Dadra e Nagar Haveli
e Daman and Diu
27%

Distribuzione punteggi

Percentile per numero di risposta

Percentuale di utenti per punteggio

I tuoi punteggi nel tempo

Non hai fatto questo quiz